|
|
|
|
| LEADER |
00000nab a2200000 a 4500 |
| 001 |
vtls000162902 |
| 003 |
SK-MaSNL |
| 005 |
20260304071049.0 |
| 008 |
250422c1983 xo 0 slo |
| 015 |
|
|
|a SNBRB19rr/mm-uuuuu
|
| 035 |
|
|
|a CL0173013
|
| 035 |
|
|
|a (urnnbn)urn:nbn:sk:snk:ar-005iin
|
| 035 |
|
|
|a (uuid)3b106067-b870-42ca-8c5d-3ecb6f6e5665
|
| 035 |
|
|
|a urn:nbn:sk:snk-ab7z7z
|
| 040 |
|
|
|a SNKBUCL
|b slo
|c SNKBUCL
|e AACR2
|
| 041 |
0 |
|
|a slo
|
| 044 |
|
|
|a xo
|c SK
|
| 080 |
|
|
|a 549
|2 1981
|
| 100 |
1 |
|
|a Pitoňák, Pavel
|4 aut
|9 833362
|
| 245 |
1 |
0 |
|a Beryl - nový minerál nízkotatranských pegmatitov
|c Pavel Pitoňák, Marian Janák
|
| 300 |
|
|
|b Obr. 1. Tb. 1.
|
| 650 |
0 |
7 |
|a pegmatity
|2 snkbucl
|9 150888
|
| 650 |
0 |
7 |
|a beryl
|2 snkbucl
|9 1238164
|
| 651 |
|
7 |
|a Nízke Tatry (Slovensko : pohorie)
|2 snkbucl
|9 173011
|
| 655 |
|
7 |
|a články z novín a časopisov
|2 snkbucl
|9 267496
|
| 700 |
1 |
|
|a Janák, Marian,
|d 1956-
|4 aut
|9 157243
|
| 773 |
0 |
|
|t Mineralia slovaca
|g Roč. 15, č. 3 (1983), s. 231-232
|
| 850 |
|
|
|a Slovenská národná knižnica
|
| 852 |
|
|
|a Slovenská národná knižnica
|
| 954 |
|
|
|a odborná, vedecká literatúra pôvodná (slovenská)
|2 lita
|
| 958 |
|
|
|a article9
|
| 958 |
|
|
|a RK
|
| 958 |
|
|
|a OND
|
| 958 |
|
|
|a EUIPO
|
| 992 |
|
|
|a RBX
|
| 999 |
|
|
|c 2758747
|d 2760677
|